00713nam a2200205 a 450000100100000000500170001000800410002702000150006804000250008310000260010824500530013425000120018726000940019930000270029349000220032050000680034250400270041071000480043783000220048500004037520201002034107.0130823s2001 mx 000 0 spa d a9683690343 aDO-SdBNPbspacBNPHU1 aOvalle Favela, José10aDerechos del consumidor /cJosé Ovalle Favela. a2a. ed. aMéxico :bUniversidad Nacional Autónoma de México :bCámara de Diputados;,c2001. a99 p. :bil. ;c22 cm.1 aNuestros derechos aIncluye datos biográficos de los autores en la contracubierta aBibliografía : p. 992 aUniversidad Nacional Autónoma de México 0aNuestros derechos